000 00639nam a2200277Ia 4500
005 20260324133909.0
008 008 260324s9999 xx 000 0 eng d
020 _a9780203055540
037 _aEBOOK
040 _aCRL
040 _beng
040 _cCRL
041 _2eng
041 _aeng
084 _qCRL
100 _aRose Theresa; Jeongwon Joe
_91194796
245 0 _aBetween Opera and Cinema
260 _bTaylor and Francis
260 _c2002
365 _a
365 _b255
856 _uhttp://www.taylorfrancis.com/books/9780203055540
942 _cEBOOK
999 _c1794330
_d1794330